000 00334nam a22001337a 4500
003 LK-CoDNM
005 20240823123028.0
008 240823b |||||||| |||| 00| 0 eng d
040 _aLK-CoDNM
_dLK-CoDNM
_eLK-CoDNM
080 _bGP1918
245 _aCivil establishments
260 _aColombo
_bGoverment printers
_c1918
942 _cBK
999 _c148795
_d148795